000 00610nam a22002417a 4500
003 UA-OsUOA
001 39024
007 ta
008 20060605b un ||||| |||| 00| 0 ukr d
100 _aЗудерманн Б.
090 _a133.1
_bЗ-92
942 _cBK
040 _aUA-OsUOA
_brus
_cUA-OsUOA
_dUA-OsUOA
245 _aОккультизм - взгляд под маску
300 _a237 с.
955 _a4
041 _arus
080 _a133.1
020 _a3-933828-88-0
260 _aРівне
_bЛогос
_c2003
650 7 _a1 Філософські науки
_2UDC
999 _c325168
_d325168